| 000 | 00579nam a22001817a 4500 | ||
|---|---|---|---|
| 003 | OSt | ||
| 005 | 20260325062107.0 | ||
| 008 | 260325b |||||||| |||| 00| 0 eng d | ||
| 020 | _a9789710492305 | ||
| 040 |
_aDWCL GS lib _cOC |
||
| 082 |
_2[First edition] _aPB 398.2 Or65 2017 |
||
| 100 | _aOrdinario, Mary Ann | ||
| 245 |
_aWhy is a Pig's Nose Flat? _cMary Ann Ordinario |
||
| 260 |
_a[Place of Publication not Identified] _bABC Educational Development Center _cc2017. |
||
| 300 |
_ai, 31 pages: _billustrations _c28cm. |
||
| 546 | _aEnglish | ||
| 942 |
_2ddc _cBK-0 CIRC _hPB _n0 |
||
| 999 |
_c9275 _d9275 |
||